| 000 | 00581nam a22001457a 4500 | ||
|---|---|---|---|
| 999 |
_c532028 _d532028 |
||
| 008 | 251127b ||||| |||| 00| 0 eng d | ||
| 100 |
_aSumbria, Vanshika _958021 |
||
| 245 | _aRajeev Bhargava, reimagining Indian secularism | ||
| 260 | _aIndian Journal of Public Administration | ||
| 300 | _a71(3), Sep, 2025: p.669-672 | ||
| 520 | _a2023, 76 pp., ₹299, Seagull Books. ISBN: 9781803092898.- Reproduced https://journals.sagepub.com/doi/full/10.1177/00195561251367632 | ||
| 773 | _aIndian Journal of Public Administration | ||
| 906 | _aBOOK REVIEW | ||
| 942 | _cAR | ||